Central Library, Doon University
WEBOPAC (ONLINE PUBLIC ACCESS CATALOGUE)

Exploration Introduction to Astronomy (Record no. 60230)

MARC details
000 -LEADER
fixed length control field 00489nam a22001937a 4500
005 - DATE & TIME
control field 20260204152514.0
008 - FIXED-LENGTH DATA ELEMENTS--GENERAL INFORMATION
fixed length control field 260204b |||||||| |||| 00| 0 eng d
020 ## - ISBN
International Standard Book Number 9788199232938
Price 1525.00
040 ## - CATALOGING SOURCE
Original cataloging agency Doon University
041 ## - Language
Language English
082 ## - DDC NUMBER
Classification number 520
Book Number OLM
100 ## - MAIN ENTRY--PERSONAL NAME
Personal name Olmstead, Matthew
245 ## - TITLE STATEMENT
Title Exploration Introduction to Astronomy
260 ## - PUBLICATION, DISTRIBUTION, ETC. (IMPRINT)
Place of publication, distribution, etc New Delhi
Name of publisher, distributor, etc Blackwell
Date of publication, distribution, etc 2026
300 ## - PHYSICAL DESCRIPTION
Pages 248
650 ## - Subject
Subject Physics
700 ## - Added Entry Personal Name
Added Entry Personal Name Lowentha, James
942 ## - ADDED ENTRY ELEMENTS (KOHA)
Koha item type Books
100 ## - MAIN ENTRY--PERSONAL NAME
-- 26190
700 ## - Added Entry Personal Name
-- 26191
952 ## - LOCATION AND ITEM INFORMATION (KOHA)
-- 2026-02-04
952 ## - LOCATION AND ITEM INFORMATION (KOHA)
-- 2026-02-04
952 ## - LOCATION AND ITEM INFORMATION (KOHA)
-- 2026-02-04
Holdings
Withdrawn status Lost status Source of classification or shelving scheme Damaged status Not for loan Location (home branch) Sublocation or collection (holding branch) Date acquired Koha issues (times borrowed) Koha full call number Accession No. Koha date last seen Koha item type
          Doon University Doon University 04.02.2026   520 OLM 52098 04.02.2026 Books
          Doon University Doon University 04.02.2026   520 OLM 52099 04.02.2026 Books
          Doon University Doon University 04.02.2026   520 OLM 52100 04.02.2026 Books
Contact : +91-135-2533126 (Library),+91-135-2533105 (Admin Office) , Email : doonlibrary@gmail.com

Powered by Koha